| 000 | 00689nam a2200193Ia 4500 | ||
|---|---|---|---|
| 003 | LDD | ||
| 008 | 190117s9999 xx 000 0 und d | ||
| 020 |
_a8123003161 _c₹200 |
||
| 040 | _cLDD | ||
| 041 | _ahi | ||
| 082 | _a8u4.09 मु76591भा | ||
| 100 | _aउमर, मो. | ||
| 245 | 0 |
_aभारतीय संस्कृति का मुसलमानों पर प्रभाव _cमो. उमर |
|
| 260 |
_aनई दिल्ली _bप्रकाशन विभाग _c1996 |
||
| 300 | _a389 | ||
| 901 | _aHBC | ||
| 904 | _aReqst by : वी.आर.जगन्नाथन | ||
| 942 |
_2ddc _cH |
||
| 999 |
_c155178 _d155178 |
||